000 00289 a2200121 4500
001 147153
040 _cEscola São Tomás de Aquino
100 _aRODRIGUES, Rosicler Martins
240 1 0 _aE a vida continua...
_lpor
245 1 0 _aE a vida continua...
697 _aCIÊNCIAS
942 _cBK
999 _c147153
_d147153